Utilisateurs d'EAU dans les mangas - Mort Subite - Statistiques

Statistiques générales
  • Ce quiz a été pris 60 fois
  • Le résultat moyen est 7 sur 18
Answers on the Grid
Answers color-coded by a green-red scale on the quiz's grid according to % correct below.
Jubia Loxar
Jinbei
Tobirama Senju
Kisame Hoshigaki
Zabuza Momochi
Suigetsu Hozuki
Noelle Silva
Sailor Mercury
Katara
Poseidon
Blue
Tier Harribel
Superbia Squalo
Takeshi Yamamoto
N'doul
Giyu Tomioka
Anjuro Katagiri (Angelo)
Kaien Shiba
Kame Senin
Aizen Sosuke
Roronoa Zoro
Alphonse Elric
Shun
Katsuki Bakugo
Yuno
Kurapika
Erza Scarlett
Denji
Baran
Jotaro Kujo
Naruto Uzumaki
Slug
Zeldris
Sakuragi Hanamichi
Hinata Shoyo
Ken Kaneki
 
Statistiques - réponses
Réponse % Correct
Poseidon
80%
Jinbei
78%
Kisame Hoshigaki
65%
Zabuza Momochi
63%
Jubia Loxar
58%
Suigetsu Hozuki
53%
Tobirama Senju
53%
Giyu Tomioka
48%
Noelle Silva
48%
Blue
28%
Katara
28%
Sailor Mercury
25%
Superbia Squalo
20%
Tier Harribel
18%
Anjuro Katagiri (Angelo)
15%
Kaien Shiba
10%
N'doul
10%
Takeshi Yamamoto
3%
Aucun quiz correspondant
Distribution des résultats
% des personnes avec chaque résultat
Percentile par nombre de réponses
Votre historique - résultats
Vous n’avez pas pris ce quiz